<?xml version="1.0" encoding="UTF-8"?>
<record
    xmlns:xsi="http://www.w3.org/2001/XMLSchema-instance"
    xsi:schemaLocation="http://www.loc.gov/MARC21/slim http://www.loc.gov/standards/marcxml/schema/MARC21slim.xsd"
    xmlns="http://www.loc.gov/MARC21/slim">

  <leader>03213cam a2200325 a 4500</leader>
  <controlfield tag="003">EG-GiCUC</controlfield>
  <controlfield tag="005">20250223032135.0</controlfield>
  <controlfield tag="008">181220s2018    ua d   f m    000 0 eng d</controlfield>
  <datafield tag="040" ind1=" " ind2=" ">
    <subfield code="a">EG-GiCUC</subfield>
    <subfield code="b">eng</subfield>
    <subfield code="c">EG-GiCUC</subfield>
  </datafield>
  <datafield tag="041" ind1="0" ind2=" ">
    <subfield code="a">eng</subfield>
  </datafield>
  <datafield tag="049" ind1=" " ind2=" ">
    <subfield code="a">Deposite </subfield>
  </datafield>
  <datafield tag="097" ind1=" " ind2=" ">
    <subfield code="a">M.Sc</subfield>
  </datafield>
  <datafield tag="099" ind1=" " ind2=" ">
    <subfield code="a">Cai01.03.02.M.Sc.2018.Pa.O</subfield>
  </datafield>
  <datafield tag="100" ind1="0" ind2=" ">
    <subfield code="a">Passant Alaa Ahmed Aly Moussa</subfield>
  </datafield>
  <datafield tag="245" ind1="1" ind2="4">
    <subfield code="a">The optimum investment portfolio management and its effect on the commercial banks competitiveness : </subfield>
    <subfield code="b">Case study ; comparable analysis between one of EU banks with one of Egyptian state-owned bank during 2002-2014 / </subfield>
    <subfield code="c">Passant Alaa Ahmed Aly Moussa ; Supervised Fakhry Elfiky</subfield>
  </datafield>
  <datafield tag="246" ind1="1" ind2="5">
    <subfield code="a">&#x623;&#x62B;&#x631; &#x627;&#x644;&#x627;&#x62F;&#x627;&#x631;&#x647; &#x627;&#x644;&#x645;&#x62B;&#x644;&#x64A; &#x644;&#x644;&#x645;&#x62D;&#x641;&#x638;&#x647; &#x627;&#x644;&#x627;&#x633;&#x62A;&#x62B;&#x645;&#x627;&#x631;&#x64A;&#x647; &#x644;&#x644;&#x628;&#x646;&#x643; &#x627;&#x644;&#x62A;&#x62C;&#x627;&#x631;&#x64A; &#x639;&#x644;&#x64A; &#x627;&#x644;&#x642;&#x62F;&#x631;&#x647; &#x627;&#x644;&#x62A;&#x646;&#x627;&#x641;&#x633;&#x64A;&#x647; &#x644;&#x644;&#x628;&#x646;&#x648;&#x643; &#x627;&#x644;&#x62A;&#x62C;&#x627;&#x631;&#x64A;&#x647; : </subfield>
    <subfield code="b">&#x62F;&#x631;&#x627;&#x633;&#x647; &#x645;&#x642;&#x627;&#x631;&#x646;&#x647; &#x628;&#x64A;&#x646; &#x627;&#x62D;&#x62F;&#x64A; &#x627;&#x644;&#x628;&#x646;&#x648;&#x643; &#x627;&#x644;&#x62A;&#x62C;&#x627;&#x631;&#x64A;&#x647; &#x628;&#x627;&#x644;&#x627;&#x62A;&#x62D;&#x627;&#x62F; &#x627;&#x644;&#x623;&#x648;&#x631;&#x648;&#x628;&#x64A; &#x648;&#x627;&#x62D;&#x62F;&#x64A; &#x627;&#x644;&#x628;&#x646;&#x648;&#x643; &#x627;&#x644;&#x62A;&#x62C;&#x627;&#x631;&#x64A;&#x647; &#x627;&#x644;&#x639;&#x627;&#x645;&#x644;&#x647; &#x641;&#x64A; &#x627;&#x644;&#x642;&#x637;&#x627;&#x639; &#x627;&#x644;&#x645;&#x635;&#x631;&#x641;&#x64A; &#x627;&#x644;&#x645;&#x635;&#x631;&#x64A;&#x647; &#x62E;&#x644;&#x627;&#x644; &#x627;&#x644;&#x641;&#x62A;&#x631;&#x647; &#x645;&#x646; 2002-2014 </subfield>
  </datafield>
  <datafield tag="260" ind1=" " ind2=" ">
    <subfield code="a">Cairo : </subfield>
    <subfield code="b">Passant Alaa Ahmed Aly Moussa , </subfield>
    <subfield code="c">2018</subfield>
  </datafield>
  <datafield tag="300" ind1=" " ind2=" ">
    <subfield code="a">125 P. : </subfield>
    <subfield code="b">charts ; </subfield>
    <subfield code="c">25cm </subfield>
  </datafield>
  <datafield tag="502" ind1=" " ind2=" ">
    <subfield code="a">Thesis (M.Sc.) - Cairo University - Faculty of Economics and Political Science - Department of Economics </subfield>
  </datafield>
  <datafield tag="520" ind1=" " ind2=" ">
    <subfield code="a">Financial markets including Equity, Fixed-income and Derivatives marketcould be split into domestic or international market where the traded securities issued by domestic issuers i.e. corporates, government or by foreign entities.Risk could be defined as level of variability and volatility. So, total investment risk could be measured with such common absolute measures used in statistics as Variance and its square root; Standard Deviation, Tracking Error and Information Ratio which used to estimate total expected risk in the defined period in the future and other relative measures such as Correlation Coefficient and &#xDD; Coefficient. In addition to other measures as Sharp Ratio, Jensen Alpha and Treynor.There are many different analysis approaches, most frequently forms of analysis are: Technical Analysis that analyze traded stocks historical market prices to predict future target price movements and Fundamental analysis that analyzecompany revenues, sales and profits predict future fair value for traded financial assets traded in the market. According to Markowitz, he showed that for a given level of expected return and risk for a given feasible set of securities, investor could find the optimal portfolio with the lowest total risk measured by variance or standard deviation of portfolio returns with taking into consideration covariance or correlation between all possible securities. According to Market efficiency theory, which stated that price which investor pays for financial asset (stock, bond) fully reflects the fair value of the company</subfield>
  </datafield>
  <datafield tag="530" ind1=" " ind2=" ">
    <subfield code="a">Issued also as CD</subfield>
  </datafield>
  <datafield tag="653" ind1=" " ind2="4">
    <subfield code="a">Commercial banks</subfield>
  </datafield>
  <datafield tag="653" ind1=" " ind2="4">
    <subfield code="a">Investment portfolio </subfield>
  </datafield>
  <datafield tag="653" ind1=" " ind2="4">
    <subfield code="a">Optimum management </subfield>
  </datafield>
  <datafield tag="700" ind1="0" ind2=" ">
    <subfield code="a">Fakhry Elfiky , </subfield>
    <subfield code="e">Supervisor</subfield>
  </datafield>
  <datafield tag="856" ind1=" " ind2=" ">
    <subfield code="u">http://172.23.153.220/th.pdf</subfield>
  </datafield>
  <datafield tag="905" ind1=" " ind2=" ">
    <subfield code="a">Nazla</subfield>
    <subfield code="e">Revisor</subfield>
  </datafield>
  <datafield tag="905" ind1=" " ind2=" ">
    <subfield code="a">Shimaa</subfield>
    <subfield code="e">Cataloger</subfield>
  </datafield>
  <datafield tag="942" ind1=" " ind2=" ">
    <subfield code="2">ddc</subfield>
    <subfield code="c">TH</subfield>
  </datafield>
  <datafield tag="999" ind1=" " ind2=" ">
    <subfield code="c">69164</subfield>
    <subfield code="d">69164</subfield>
  </datafield>
  <datafield tag="952" ind1=" " ind2=" ">
    <subfield code="2">ddc</subfield>
    <subfield code="7">0</subfield>
    <subfield code="a">CUCL</subfield>
    <subfield code="b">cl210</subfield>
    <subfield code="d">2024-02-11</subfield>
    <subfield code="o">Cai01.03.02.M.Sc.2018.Pa.O</subfield>
    <subfield code="p">01010110076560000</subfield>
    <subfield code="r">2023-09-22 00:00:00</subfield>
    <subfield code="y">TH</subfield>
  </datafield>
  <datafield tag="952" ind1=" " ind2=" ">
    <subfield code="2">ddc</subfield>
    <subfield code="7">0</subfield>
    <subfield code="a">CUCL</subfield>
    <subfield code="b">cl2u8</subfield>
    <subfield code="d">2024-02-11</subfield>
    <subfield code="o">Cai01.03.02.M.Sc.2018.Pa.O</subfield>
    <subfield code="p">01020110076560000</subfield>
    <subfield code="r">2023-09-22 00:00:00</subfield>
    <subfield code="t">76560.CD     </subfield>
    <subfield code="y">CD</subfield>
  </datafield>
</record>
